Statistics for Most Streamed Kanye West Songs

Click here to take the quiz!

General Stats

  • This quiz has been taken 109 times
  • The average score is 5 of 10

Answer Stats

#StreamsAnswer% Correct
11.34BStronger
75%
5955MFlashing Lights
71%
21.17BHeartless
71%
31.07BGold Digger
68%
4980MFather Stretch My Hands Pt. 1
55%
6900MPOWER
55%
10636MAll Of The Lights
45%
7876MBound 2
45%
9686MI Love It
11%
8708MAmerican Boy
5%

Score Distribution

Percentile by Number Answered

Percent of People with Each Score

Your Score History

You have not taken this quiz